000 05511cam a22008658i 4500
001 on1031431682
003 OCoLC
005 20200320212350.0
008 180413t20182018meua d 000 1 eng
010 _a 2018016985
019 _a1037891692
_a1038729486
020 _a9781432850951
_q(large print)
_q(hardcover)
020 _a1432850954
_q(large print)
_q(hardcover)
020 _c36.95
035 _a(OCoLC)1031431682
_z(OCoLC)1037891692
_z(OCoLC)1038729486
037 _bThorndike Pr, C/O Gale Group Po Box 9187, Farmington Hills, MI, USA, 48331-3535, (248)6994253
_nSAN 213-4373
040 _aDLC
_beng
_erda
_cDLC
_dOCLCO
_dOCLCF
_dETC
_dBPLCP
_dBKL
_dOPW
_dT7R
_dIUK
_dOCP
_dOCLCO
_dTXCVP
_dOCL
_dWACOL
042 _apcc
043 _an-us-va
049 _aWACL
050 1 0 _aPS3552.R698
_bP76 2018b
082 0 0 _a813/.6
_223
084 _aFIC022000
_aFIC022040
_aHUM009000
_aFIC030000
_2bisacsh
092 _aFLP
_bBro
100 1 _aBrown, Rita Mae,
_eauthor.
_93419
245 1 0 _aProbable claws /
_cRita Mae Brown & Sneaky Pie Brown ; illustrated by Michael Gellatly.
250 _aLarge print edition.
264 1 _aWaterville, Maine :
_bThorndike Press, a part of Gale, a Cengage Company,
_c2018.
264 4 _c©2018
300 _a493 pages (large print) :
_billustrations ;
_c23 cm.
336 _atext
337 _aunmediated
338 _avolume
340 _nlarge print
_2rda
490 1 _aMrs. Murphy mystery ;
_vbk. 27
500 _a"Thorndike Press large print basic."
520 _a"Rita Mae Brown and her feline coauthor Sneaky Pie Brown return to Albemarle County, Virgina, as tangled mysteries past and present converge in the bestselling Mrs. Murphy series. As feline collaborators go, you couldn't ask for better than Sneaky Pie Brown." The New York Times Book Review. With the New Year just around the corner, winter has transformed the cozy Blue Ridge Mountain community of Crozet, Virginia, into a living snow globe. It's the perfect setting for Mary Minor Harry Haristeen to build a new work shed designed by her dear friend local architect Gary Gardner. But the natural serenity is shattered when out of the blue, right in front of Harry and Deputy Cynthia Cooper, and in broad daylight, Gary is shot to death by a masked motorcyclist. Outraged by the brazen murder, Harry begins to burrow into her friend's past--and unearths a pattern of destructive greed reaching far back into Virginia's post-Revolutionary history. When Harry finds incriminating evidence, the killer strikes again. Heedless of her own safety and survival, Harry follows a trail of clues to a construction site in Richmond, where the discovery of ancient remains has recently halted work. Aided as always by her loyal if opinionated companions--crime-solving cats Mrs. Murphy and Pewter, and Tee Tucker the Corgi--Harry hunts for a link between the centuries-old dead and the recently, violently deceased. And while other deaths are narrowly averted in a flurry of fur and limbs, the killer remains at large--ever more desperate and dangerous. The deep-rooted legacy of corruption that's been exposed can never be buried again. But if Harry keeps pursuing the terrible truth, she may be digging her own grave"--
_cProvided by publisher.
650 0 _aHaristeen, Harry (Fictitious character)
_vFiction.
_95710092
650 0 _aWomen cat owners
_vFiction.
_95710095
650 0 _aMurphy, Mrs. (Fictitious character)
_vFiction.
_95710093
650 0 _aWomen detectives
_zVirginia
_vFiction.
_95715494
650 0 _aCats
_vFiction.
_95674208
650 0 _aLarge type books.
_95974768
650 7 _aFICTION / Mystery & Detective / Women Sleuths.
_2bisacsh
_95687182
650 7 _aFICTION / Mystery & Detective / General.
_2bisacsh
_95676265
650 7 _aHUMOR / Topic / Animals.
_2bisacsh
_95752627
650 7 _aFICTION / Suspense.
_2bisacsh
_95675303
650 7 _aCats.
_2fast
_0(OCoLC)fst00849374
_95974769
650 7 _aHaristeen, Harry (Fictitious character)
_2fast
_0(OCoLC)fst00951459
_997685
650 7 _aLarge type books.
_2fast
_0(OCoLC)fst00992678
_95974768
650 7 _aMurphy, Mrs. (Fictitious character)
_2fast
_0(OCoLC)fst01029866
_997758
650 7 _aWomen cat owners.
_2fast
_0(OCoLC)fst01177391
_95974770
650 7 _aWomen detectives.
_2fast
_0(OCoLC)fst01177563
_95974771
651 7 _aVirginia.
_2fast
_0(OCoLC)fst01204597
_95974772
650 4 _aWomen detectives
_zVirginia
_vFiction.
_95715494
650 4 _aMurphy, Mrs. (Fictitious character)
_vFiction.
_95710093
650 4 _aLarge type books.
_95974768
650 4 _aCats
_vFiction.
_95674208
650 4 _aHaristeen, Harry (Fictitious character)
_vFiction.
_95710092
650 4 _aWomen cat owners
_vFiction.
_95710095
650 4 _aMurder
_xInvestigation
_vFiction.
_95673630
650 1 _aCats
_xFiction.
_95684609
655 7 _aDetective and mystery fiction.
_2fast
_0(OCoLC)fst01726581
_95683641
655 7 _aMystery fiction.
_2gsafd
_95974773
655 7 _aFiction.
_2fast
_0(OCoLC)fst01423787
_95673940
655 4 _aMystery fiction.
_95974773
655 7 _aDetective and mystery fiction.
_2lcgft
_95683641
700 1 _aBrown, Sneaky Pie,
_d1982-
_eauthor.
_95883862
700 1 _aGellatly, Michael.
_968264
800 1 _aBrown, Rita Mae.
_tMrs. Murphy mystery ;
_vbk. 27.
_95779764
942 _cBOOK
_06
948 _a07/16/2018
_zSirsi
994 _aC0
_bWACOL
996 _a151203
_b34301001555384
_cFLP
_dbk
_ewcl
_fi
_g6
_h36.95
_lgale
_mBro
_p07/16/2018
_q03/05/2019
_r01/29/2019
999 _c310773
_d310772